| 000 | 00652nam a2200241Ia 4500 | ||
|---|---|---|---|
| 003 | OSt | ||
| 005 | 20221007071647.0 | ||
| 006 | a|||||r|||| 00| 0 | ||
| 007 | ta | ||
| 008 | 221006b |||||||| |||| 00| 0 eng d | ||
| 020 | _a0903804352 | ||
| 024 | _a16,199 | ||
| 037 | _cTextual | ||
| 040 |
_aFLL _cFLL _beng |
||
| 041 |
_2eng _aeng |
||
| 082 | _aX8(FSSS2):5.5.N7, L9 | ||
| 100 |
_aMason C.M. _9689162 |
||
| 245 | 0 | _aEffective management of resources | |
| 260 |
_aLondon _bFrances Pinter Ltd. London _c1979 |
||
| 300 |
_a268p _ccm. |
||
| 942 |
_hX8(FSSS2):5.5.N7, L9 _cTEXL _2CC |
||
| 999 |
_c1143909 _d1143909 |
||